000 00762cab a2200229 4500
001 WB3039-07
008 090401t1994 xxu||||| |||| 00| 0 eng d
035 _a(Sirsi) u71118
041 _aeng
245 _aIndustry backs new payment legislation
260 _c1994
350 _a0
490 _aBuilding
_v259(7865) 21 October 1994, 11(1)
520 _aThe Review Implementation Forum, the industry representative`s group set up to act on the Latham report, have backed the proposed reforms of payment procedures.
650 _aLATHAM REFORMS
650 _aPAY-WHEN-PAID CLAUSES
650 _aPAYMENT PROCEDURES
650 _aREVIEW IMPLEMENTATION FORUM
690 _aBUILT ENVIRONMENT-BUILDING CONTRACT FORMS
942 _n0
948 _c04/03/1997
999 _c44801
_d44801